000 00552nam a22001577a 4500
008 160803b xxu||||| |||| 00| 0 eng d
020 _a9780470085523
082 _22008
_aDC 641.5636
_bV52
245 _aVegetarian times:
_bfast and easy: great foods you can make in minutes/
_cThe Editors of the vegetarian times.
260 _aHoboken, New Jersey:
_bWiley Publishing Inc.,
_cc2008.
300 _avii, 216 pages:
_billustrations;
_c23 cm.
500 _aIncludes index.
650 0 _912154
_aVegetarian cookery
365 _aPhp
_b596.00
942 _2ddc
_cDC
999 _c3650
_d3650